| 000 -LEADER |
| fixed length control field |
00757nam a22002297a 4500 |
| 008 - FIXED-LENGTH DATA ELEMENTS--GENERAL INFORMATION |
| fixed length control field |
131205b xxu||||| |||| 00| 0 eng d |
| 020 ## - INTERNATIONAL STANDARD BOOK NUMBER |
| International Standard Book Number |
0199249369 |
| 041 0# - LANGUAGE CODE |
| Language code of text/sound track or separate title |
eng |
| 080 ## - UNIVERSAL DECIMAL CLASSIFICATION NUMBER |
| Universal Decimal Classification number |
341.24 |
| Common auxiliary subdivision |
(4) (049.2) |
| 245 00 - TITLE STATEMENT |
| Title |
Rudden and Wyatt's EU treaties and legislation / |
| 246 30 - VARYING FORM OF TITLE |
| Title proper/short title |
EU treaties and legislation |
| 250 ## - |
| -- |
8th ed. |
| 260 ## - |
| -- |
Oxford ; |
| -- |
New York : |
| -- |
Oxford University Press, |
| -- |
c2002. |
| 300 ## - |
| -- |
408 . ; |
| -- |
25 cm. |
| 500 ## - |
| -- |
Preface : f. [V]-VI |
| 650 #0 - |
| -- |
Ligji |
| -- |
Vendet e Bashkimit Evropian. |
| 650 #0 - |
| -- |
Ligji Komercial |
| -- |
Vendet e Bashkimit Evropian. |
| 650 #0 - |
| -- |
Vendet e Bashkimit Evropian. |
| -- |
Traktatet komerciale. |
| 700 1# - |
| -- |
Rudden, Bernard. |
| 700 1# - |
| -- |
Wyatt, Derrick. |
| 942 ## - ADDED ENTRY ELEMENTS (KOHA) |
| Source of classification or shelving scheme |
|
| Item type |
Books |